000 00339nam a2200133Ia 4500
005 20251222141807.0
008 251222s9999||||xx |||||||||||||| ||spa||
082 _a264.4/F11
100 _aFaber, Federico G.
245 0 _aAl pie de La Cruz o Los Dolores de MarĂ­a
250 _a7a.ed.
264 _bHijos de Gregorio del Amo
942 _cLIB
999 _c6355
_d6355